| 000 | 00632nam a2200229Ia 4500 | ||
|---|---|---|---|
| 003 | OSt | ||
| 005 | 20221007064715.0 | ||
| 006 | a|||||r|||| 00| 0 | ||
| 007 | ta | ||
| 008 | 221006b |||||||| |||| 00| 0 eng d | ||
| 024 | _a30,051 | ||
| 037 | _cTextual | ||
| 040 |
_aFLL _cFLL _beng |
||
| 041 |
_2eng _aeng |
||
| 082 | _aY1:434.2.N7, L3;2 | ||
| 100 | _aDantwala M.L. | ||
| 245 | 0 | _aPoverty in India then and now 1870-1970 | |
| 260 |
_aDelhi _bMacmillan Company of India Limited India _c1973 |
||
| 300 |
_a67p _ccm. |
||
| 942 |
_hY1:434.2.N7, L3;2 _cTEXL _2CC |
||
| 999 |
_c1135081 _d1135081 |
||